000 nam a22 7a 4500
999 _c10793
_d10793
008 180223b ||||| |||| 00| 0 eng d
100 _aDixit,J.B.
_96634
245 _aComprehensive CCE Questions in Mathematics-IX
260 _aBanglore
_bLakshmi
_c2007